Estadísticas para Países que contienen la letra A

Haz click aquí para intentar la prueba.

Estadísticas generales

  • Esta prueba ha sido intentada 1.148 veces
    (1.139 desde el último reinicio)
  • La puntuación promedio es 138 de 176

Estadísticas de respuestas

País% Correcto
Argentina
95%
Canadá
93%
España
93%
Alemania
92%
Afganistán
91%
Australia
91%
China
91%
Francia
91%
Andorra
90%
Panamá
90%
Albania
89%
Brasil
89%
Colombia
89%
Costa Rica
89%
India
89%
Rusia
89%
Argelia
88%
Armenia
88%
Austria
88%
Cuba
88%
Finlandia
88%
Honduras
88%
Islandia
88%
Guatemala
87%
Irlanda
87%
Marruecos
87%
Venezuela
87%
Arabia Saudí
86%
Suecia
86%
Angola
85%
Antigua y Barbuda
85%
Eslovaquia
85%
Eslovenia
85%
Estonia
85%
Japón
85%
Letonia
85%
Lituania
85%
Nicaragua
85%
Noruega
85%
Azerbaiyán
84%
Dominica
84%
Grecia
84%
Guinea
84%
Indonesia
84%
Italia
84%
Jamaica
84%
Paraguay
84%
República Dominicana
84%
Santa Lucía
84%
Bahamas
83%
Corea del Norte
83%
Corea del Sur
83%
Irán
83%
Libia
83%
Sudáfrica
83%
Ucrania
83%
Barbados
82%
Bolivia
82%
Estados Unidos
82%
Guyana
82%
Irak
82%
San Cristóbal y Nieves
82%
San Vicente y las Granadinas
82%
Sudán
82%
Bélgica
81%
Bielorrusia
81%
Bulgaria
81%
Polonia
81%
República de Macedonia
81%
Rumanía
81%
Suiza
81%
Uruguay
81%
Bosnia y Herzegovina
80%
Chad
80%
Croacia
80%
Gambia
80%
Georgia
80%
Haití
80%
Kenia
80%
Malta
80%
Nueva Zelanda
80%
Países Bajos
80%
Portugal
80%
San Marino
80%
Serbia
80%
Etiopía
79%
Filipinas
79%
Granada
79%
Madagascar
79%
Pakistán
79%
República Checa
79%
Somalia
79%
Sudán del Sur
79%
Tanzania
79%
Vaticano
79%
Dinamarca
78%
Guinea Ecuatorial
78%
Líbano
78%
República del Congo
78%
Uzbekistán
78%
Zambia
78%
Ecuador
77%
El Salvador
77%
Hungría
77%
Laos
77%
Moldavia
77%
Namibia
77%
Siria
77%
Tailandia
77%
Camboya
76%
Comoras
76%
Costa de Marfil
76%
Eritrea
76%
Gabón
76%
Malí
76%
Mauricio
76%
Mongolia
76%
República Democrática del Congo
76%
Sri Lanka
76%
Surinam
76%
Guinea Bissau
75%
Israel
75%
Jordania
75%
Liberia
75%
Mauritania
75%
Uganda
75%
Baréin
74%
Estados Federados de Micronesia
74%
Ghana
74%
Islas Marshall
74%
Kirguistán
74%
Nigeria
74%
Samoa
74%
Vietnam
74%
Camerún
73%
Malasia
73%
Suazilandia
73%
Tayikistán
73%
Turkmenistán
73%
Bangladés
72%
Catar
72%
Islas Salomón
72%
Maldivas
72%
Mónaco
72%
Nepal
72%
Ruanda
72%
Santo Tomé y Príncipe
72%
Sierra Leona
72%
Taiwán
72%
Birmania
71%
Cabo Verde
71%
Mozambique
71%
República Centroafricana
71%
Turquía
71%
Bután
70%
Emiratos Árabes Unidos
70%
Omán
70%
Palaos
70%
Senegal
70%
Vanuatu
70%
Malaui
69%
Botsuana
68%
Burkina Faso
68%
Papúa Nueva Guinea
68%
Tonga
68%
Trinidad y Tobago
68%
Kuwait
67%
Nauru
67%
Singapur
67%
Tuvalu
66%
Zimbabue
65%
Timor Oriental
62%
Kazajstán
60%
Kiribati
58%
Palestina
24%

Distribución de puntuación

Porcentaje por número respondido

Porcentaje de gente con cada puntuación

Historial de tus puntuaciones

No has intentado esta prueba desde el último reinicio